000
00219nam a2200085Ia 4500
008
120527s9999 xx 000 0 und d
100
_a
MILANO
245
_a
International conference on Agricultural engineering
942
_c
BK
999
_c
25166
_d
25166